"Savoir vivre" internacional (Record no. 110667)

MARC details
000 -LEADER
campo de control de longitud fija 00884nam a2200265 i 4500
001 - NÚMERO DE CONTROL
campo de control 110667
003 - IDENTIFICADOR DE NÚMERO DE CONTROL
campo de control ES-MaACL
005 - FECHA Y HORA DE LA ÚLTIMA TRANSACCIÓN
campo de control 20250727021738.0
007 - CAMPO FIJO DE DESCRIPCIÓN FÍSICA--INFORMACIÓN GENERAL
campo de control de longitud fija t|
008 - DATOS DE LONGITUD FIJA--INFORMACIÓN GENERAL
campo de control de longitud fija 070117s1954 sp abp |||| | spa d
080 ## - NÚMERO DE LA CLASIFICACIÓN DECIMAL UNIVERSAL
Número de la Clasificación Decimal Universal 395(100)
245 01 - MENCIÓN DEL TÍTULO
Título "Savoir vivre" internacional
Resto del título : forma de comportarse en todos los paises /
Mención de responsabilidad, etc. Pierre Daninos, Doré Ogrizek ; ilustraciones de Ben ... [et al.].
246 34 - FORMA VARIANTE DEL TITULO
Título propio/Titulo breve Saber vivir internacional
260 ## - PUBLICACIÓN, DISTRIBUCIÓN, ETC.
Lugar de publicación, distribución, etc. Madrid :
Nombre del editor, distribuidor, etc. Castilla,
Fecha de publicación, distribución, etc. 1954.
300 ## - DESCRIPCIÓN FÍSICA
Extensión 510 p. :
Otras características físicas il. col., mapas ;
Dimensiones 18 cm.
490 1# - MENCIÓN DE SERIE
Mención de serie El mundo en color ;
Designación de volumen o secuencia 8
650 #7 - PUNTO DE ACCESO ADICIONAL DE MATERIA--TÉRMINO DE MATERIA
Término de materia o nombre geográfico como elemento de entrada Antropología cultural y social
Fuente del encabezamiento o término embne
9 (RLIN) 9867
650 ## - PUNTO DE ACCESO ADICIONAL DE MATERIA--TÉRMINO DE MATERIA
Término de materia o nombre geográfico como elemento de entrada Etiqueta.
9 (RLIN) 12596
700 1# - ENTRADA AGREGADA--NOMBRE PERSONAL
Nombre de persona Daninos, Pierre.
9 (RLIN) 42642
700 1# - ENTRADA AGREGADA--NOMBRE PERSONAL
Nombre de persona Ogrizek, Doré.
9 (RLIN) 86581
700 1# - ENTRADA AGREGADA--NOMBRE PERSONAL
Nombre de persona Ben.
9 (RLIN) 27401
830 0# - PUNTO DE ACCESO ADICIONAL DE SERIE-TÍTULO UNIFORME
Título uniforme El mundo en color ;
Designación de volumen o secuencia 8
9 (RLIN) 185631
852 ## - LOCALIZACIÓN
Ubicación ES-MaACL
Número de control de estantería E-3759
Holdings
Estatus retirado Estado de pérdida Estado de daño No para préstamo Biblioteca de origen Biblioteca actual Ubicación en estantería Fecha de adquisición Fuente de adquisición Total de préstamos Signatura topográfica completa Código de barras Visto por última vez Precio de reemplazo Tipo de ítem Koha
        Biblioteca del Ateneo de Madrid Biblioteca del Ateneo de Madrid Depósito 2 17/01/2008     E-3759 1115461 23/02/2023 23/02/2023 Libro impreso